| 000 | 00513nam a22001817a 4500 | ||
|---|---|---|---|
| 999 |
_c6771 _d6771 |
||
| 003 | OSt | ||
| 005 | 20190119170426.0 | ||
| 008 | 190119b ||||| |||| 00| 0 eng d | ||
| 020 | _a0917726154 | ||
| 040 | _cDLC | ||
| 082 |
_a248.4 _bL729G |
||
| 100 | _aLilly, Gene, | ||
| 245 |
_aGod is Calling His People to Forgiveness / _cGene Lilly. |
||
| 260 |
_aHouston, Texas ; _bHunter Ministries Publishing Co. _cc1977. |
||
| 300 | _a96 p.: | ||
| 650 |
_aForgiveness _xReligious aspects of Christianity |
||
| 942 |
_2ddc _cBK |
||